[Event "Druzynowe  Mistrzostwa Polski w Szachach - I liga"]
[Site "Poronin-Limba"]
[Date "1899-12-30"]
[Round "6.19"]
[White "Krainski, Slawomir"]
[Black "Orzech, Dominik"]
[Result "1-0"]
[WhiteTitle "k"]
[BlackTitle "IM"]
[WhiteElo "2138"]
[BlackElo "2380"]

1. e4 c5 2. Nf3 d6 3. d4 cxd4 4. Nxd4 Nf6 5. Nc3 a6 6. Bg5 Nbd7 7. f4 e6 8. Qf3
Qc7 9. O-O-O b5 10. e5 Bb7 11. Qh3 dxe5 12. Nxe6 Qc6 13. Nxf8 Kxf8 14. Bxf6 Nxf6
15. fxe5 Ne4 16. Nxe4 Qxe4 17. Qd7 Re8 18. Bxb5 axb5 19. Rhf1 Re7 20. Qd8+ Re8
21. Qc7 Qc4 22. Qxb7 Qxa2 23. Qxb5 h5 24. Rd7 Rh6 25. b3 f6 26. Qc5+ Kg8 27. Ra7
1-0

[Event "Druzynowe  Mistrzostwa Polski w Szachach - I liga"]
[Site "Poronin-Limba"]
[Date "1899-12-30"]
[Round "6.20"]
[White "Pacan-milej, Kosma"]
[Black "Karbowiak, Adam"]
[Result "1/2-1/2"]
[WhiteTitle "FM"]
[BlackTitle "k+"]
[WhiteElo "2316"]
[BlackElo "2101"]

1. d4 g6 2. e4 Bg7 3. Nc3 d6 4. f4 Nf6 5. Nf3 O-O 6. e5 dxe5 7. fxe5 Nd5 8. Bc4
c6 9. O-O b6 10. Qe2 a5 11. Bg5 Na6 12. Rad1 Nac7 13. Qd2 Nxc3 14. bxc3 Be6 15.
Bxe6 Nxe6 16. c4 Nxg5 17. Qxg5 e6 18. Qg4 b5 19. Nd2 c5 20. Ne4 cxd4 21. Nf6+
Bxf6 22. exf6 h6 23. Qf4 g5 24. Qg4 Kh7 25. Qe4+ Kh8 26. cxb5 Qb6 27. Qxd4 Qxb5
28. c4 Qc6 29. Rd3 Rfd8 30. Qc3 Rxd3 31. Qxd3 Qc5+ 32. Kh1 Rc8 33. Rc1 Qe5 34.
Qd7 Qc7 35. Qd4 Qf4 36. Qc3 Rc5 37. h3 e5 38. Qa3 Rc8 39. c5 Qxf6 40. Qxa5 e4
41. c6 e3 1/2-1/2

[Event "Druzynowe  Mistrzostwa Polski w Szachach - I liga"]
[Site "Poronin-Limba"]
[Date "1899-12-30"]
[Round "6.21"]
[White "Sciborowski, Miroslaw"]
[Black "Kaczmarek, Aleksander"]
[Result "0-1"]
[WhiteTitle "k"]
[BlackTitle "FM"]
[WhiteElo "2006"]
[BlackElo "2384"]

1. d4 c5 2. Nf3 cxd4 3. Nxd4 d5 4. g3 e5 5. Nf3 Nc6 6. Bg2 Nf6 7. O-O h6 8. c4
d4 9. e3 a5 10. exd4 exd4 11. Re1+ Be7 12. Ne5 Nxe5 13. Rxe5 O-O 14. Rb5 Ra7 15.
Bf4 b6 16. Rb3 Bc5 17. Rd3 Bf5 18. Rd2 Re7 19. Nc3 Rfe8 20. Be3 Rd7 0-1

[Event "Druzynowe  Mistrzostwa Polski w Szachach - I liga"]
[Site "Poronin-Limba"]
[Date "1899-12-30"]
[Round "6.22"]
[White "Miturova, Magdalena"]
[Black "Pacuszka, Wioletta"]
[Result "1-0"]
[WhiteTitle "WIM"]
[BlackTitle "I++"]
[WhiteElo "2188"]
[BlackElo "1919"]

1. e4 c5 2. Nf3 e6 3. Nc3 a6 4. d4 cxd4 5. Nxd4 Qc7 6. g3 Nf6 7. Bg2 d6 8. O-O
Be7 9. a4 Bd7 10. f4 Nc6 11. Nb3 O-O 12. g4 Nb4 13. g5 Qb6+ 14. Kh1 Ng4 15. Qe2
g6 16. h3 h5 17. hxg4 hxg4 18. Be3 Qc7 19. Rac1 Nc6 20. Qxg4 Kg7 21. Qg3 Rh8+
22. Kg1 Rh7 23. Nd4 Nb4 24. f5 1-0

[Event "Druzynowe  Mistrzostwa Polski w Szachach - I liga"]
[Site "Poronin-Limba"]
[Date "1899-12-30"]
[Round "6.23"]
[White "Gritsak, Orest"]
[Black "Antoniewski, Rafal"]
[Result "1/2-1/2"]
[WhiteTitle "GM"]
[BlackTitle "GM"]
[WhiteElo "2474"]
[BlackElo "2538"]

1. Nf3 Nf6 2. d4 e6 3. g3 b6 4. Bg2 Bb7 5. O-O Be7 6. c4 O-O 7. Nc3 Ne4 8. Qc2
Nxc3 9. Qxc3 c5 10. Bf4 d6 11. Rfd1 Na6 12. Rac1 Qc7 13. dxc5 bxc5 14. a3 Rab8
15. Qd2 Rfd8 16. Bg5 Bxg5 17. Nxg5 Bxg2 18. Kxg2 Qb7+ 19. f3 h6 20. Ne4 Qxb2 21.
Nxd6 Qxd2 22. Rxd2 Rb3 23. Rcd1 Rxa3 24. Nb5 Rxd2 25. Rxd2 Ra4 26. Rd8+ Kh7 27.
Rd7 Rxc4 28. Rxf7 Rc2 29. Kf1 Nb4 30. Rxa7 Nd5 1/2-1/2

[Event "Druzynowe  Mistrzostwa Polski w Szachach - I liga"]
[Site "Poronin-Limba"]
[Date "1899-12-30"]
[Round "6.24"]
[White "Maksimenko, Andrei"]
[Black "Stoma, Pawel"]
[Result "1/2-1/2"]
[WhiteTitle "GM"]
[BlackTitle "m"]
[WhiteElo "2484"]
[BlackElo "2348"]

1. d4 d5 2. c4 c6 3. Nc3 Nf6 4. e3 a6 5. Qc2 Bg4 6. h3 Bh5 7. Qb3 Ra7 8. Nge2 e6
9. Nf4 Bg6 10. Nxg6 hxg6 11. Be2 b5 12. cxd5 cxd5 13. Bd2 Bd6 14. Rc1 O-O 15.
O-O Nbd7 16. Rc2 Qe7 17. Rfc1 g5 18. Be1 Re8 19. a4 b4 20. Na2 a5 21. Rc8 Nb6
22. Rxe8+ Qxe8 23. Bb5 Qd8 24. Qd1 Rc7 25. b3 Nc8 26. Ba6 Ne7 27. Bd3 g6 28. Rc2
Kg7 29. Nc1 Ne4 30. Ne2 f5 31. Qc1 Nf6 32. Rxc7 Bxc7 33. Qc5 Ne4 34. Qb5 Qd6 35.
g3 Qc6 36. Qxc6 Nxc6 37. f3 Nd6 38. g4 e5 39. Kg2 exd4 40. exd4 Bb6 41. Bg3 f4
42. Bf2 Nd8 1/2-1/2

[Event "Druzynowe  Mistrzostwa Polski w Szachach - I liga"]
[Site "Poronin-Limba"]
[Date "1899-12-30"]
[Round "6.25"]
[White "Miroslaw, Michal"]
[Black "Jaracz, Pawel"]
[Result "1/2-1/2"]
[WhiteTitle "FM"]
[BlackTitle "GM"]
[WhiteElo "2270"]
[BlackElo "2469"]

1. e4 c5 2. Nf3 Nc6 3. d4 cxd4 4. Nxd4 Nf6 5. Nc3 d6 6. Nb3 g6 7. Be2 Bg7 8. O-O
O-O 9. Be3 a6 10. f4 b5 11. Bf3 Bb7 12. Qd2 Nd7 13. Nd4 Rc8 14. Nxc6 Bxc6 15.
Bd4 Bxd4+ 16. Qxd4 Qb6 17. Ne2 Bb7 18. c3 Rc4 19. Qxb6 Nxb6 20. b3 Rc5 21. Kf2
f5 22. Ke3 fxe4 23. Bxe4 Bxe4 24. Kxe4 Rfc8 25. Rad1 Nd7 26. Rd3 Nf6+ 27. Kf3
d5 28. Rfd1 e6 29. Re3 Kf7 30. Rdd3 Ne4 31. g4 Kf6 32. Kg2 h5 33. gxh5 gxh5 34.
Rh3 Rg8+ 35. Rhe3 Rgc8 36. Rh3 b4 37. cxb4 Rc2 38. Rde3 Rxa2 39. Rxh5 Rcc2 40.
Kf3 1/2-1/2

[Event "Druzynowe  Mistrzostwa Polski w Szachach - I liga"]
[Site "Poronin-Limba"]
[Date "1899-12-30"]
[Round "6.26"]
[White "Krysztofiak, Marcin"]
[Black "Panas, Pawel"]
[Result "1/2-1/2"]
[WhiteTitle "IM"]
[BlackTitle "k"]
[WhiteElo "2383"]
[BlackElo "2168"]

1. Nf3 e6 2. g3 d5 3. Bg2 Nf6 4. O-O Be7 5. c4 dxc4 6. Na3 c5 7. Nxc4 Nc6 8. b3
O-O 9. Bb2 Nd5 10. d4 cxd4 11. Nxd4 Nxd4 12. Bxd4 b5 13. Ne5 Bb7 14. Nd3 b4 15.
Qd2 a5 16. Rac1 Rc8 17. Rxc8 Qxc8 18. Rc1 Qa8 19. Bxd5 Bxd5 20. Bc5 Bxc5 21. Rxc5
Rd8 22. Qc1 h6 23. f3 a4 24. Nxb4 axb3 25. axb3 Bxb3 26. Qc3 Ba4 27. Nc6 Bxc6
28. Rxc6 Qa7+ 29. Kg2 Qa2 30. Qc2 Qd5 31. Rc8 Rxc8 32. Qxc8+ 1/2-1/2

[Event "Druzynowe  Mistrzostwa Polski w Szachach - I liga"]
[Site "Poronin-Limba"]
[Date "1899-12-30"]
[Round "6.27"]
[White "Praszak, Michal"]
[Black "Borgula, Rafal"]
[Result "0-1"]
[WhiteTitle "m"]
[BlackTitle "FM"]
[WhiteElo "2150"]
[BlackElo "2250"]

1. d4 c5 2. d5 e5 3. e4 d6 4. Nc3 Be7 5. Nf3 Nf6 6. Be2 O-O 7. O-O a6 8. a4 b6
9. Nd2 Ne8 10. Bg4 Nd7 11. Nc4 Bf6 12. Ra3 Rb8 13. Rb3 Qc7 14. Qe2 g6 15. Bh6
Bg7 16. Bxg7 Nxg7 17. Ne3 Re8 18. g3 Re7 19. Bh3 Ne8 20. Nc4 Nef6 21. Qe3 Kg7
22. Qg5 h6 23. Qd2 Re8 24. Qd3 Rb7 25. Kg2 Qb8 26. Na3 c4 27. Qxc4 Nc5 28. Bxc8
Rxc8 29. Rb4 Ncxe4 30. Qd3 Nc5 31. Qe3 Ncd7 32. Qe2 Nc5 33. Nc4 Qc7 34. Ne3 Qd8
35. f4 Qe7 36. f5 g5 37. h4 Rh8 38. Rc4 Qd7 39. Ra1 Rc7 40. Rb4 Rb7 41. Rh1 Rbb8
42. Rf1 Kf8 43. Ng4 Nxg4 44. Qxg4 f6 45. Rf3 h5 46. Qc4 g4 47. Rf2 Kg7 48. Qe2
Kf7 49. Rc4 Rhc8 50. Qd2 Kg7 51. Qe2 Qe8 52. b4 Nxa4 53. Ne4 Qd7 54. Rxc8 Qxc8
55. Qd2 Qd8 56. Ng5 Qe7 57. c4 Rc8 58. Qd3 Nb2 59. Qa3 Nxc4 60. Qxa6 Ne3+ 61.
Kh2 Rc1 62. Ne6+ Kh7 63. Qxb6 Nxd5 64. Qb8 Nc7 65. Qb7 Kh6 66. b5 d5 67. Qa7 d4
68. Qa5 Rc3 69. Qa7 Qh7 70. b6 Nxe6 71. fxe6 Qg6 72. Qa8 Kh7 73. Qb7+ Kh6 74.
Qa8 Kh7 75. Qf8 Rc2 76. Qf7+ Qxf7 77. exf7 Rc8 78. Rxf6 Rf8 79. Kg2 Kg7 80. Rf2
e4 81. Kf1 d3 82. Rf4 e3 83. Ke1 Kh7 84. b7 Kg6 85. Rd4 Rb8 86. Rd7 Kg7 87. Rc7
Rd8 88. f8=Q+ Kxf8 89. Rc8 d2+ 0-1

[Event "Druzynowe  Mistrzostwa Polski w Szachach - I liga"]
[Site "Poronin-Limba"]
[Date "1899-12-30"]
[Round "6.28"]
[White "Jaracz, Barbara"]
[Black "Toma, Katarzyna"]
[Result "1/2-1/2"]
[WhiteTitle "WGM"]
[BlackTitle "WGM"]
[WhiteElo "2244"]
[BlackElo "2262"]

1. e4 d6 2. d4 Nf6 3. Nc3 e5 4. Nf3 Nbd7 5. Bc4 Be7 6. O-O O-O 7. Re1 c6 8. a4
a5 9. h3 Qc7 10. Ba2 exd4 11. Nxd4 Nc5 12. Bf4 Qb6 13. Rb1 Re8 14. Nb3 Be6 15.
Be3 Bxb3 16. Bxb3 Bf8 17. Qf3 Qb4 18. Bxc5 Qxc5 19. Qe3 Qb4 20. Qd3 Rad8 21. Rbd1
Qc5 22. Qc4 Qxc4 23. Bxc4 Nd7 24. f3 Nc5 25. b3 g6 26. Ne2 Bg7 27. Kf2 Bf6 28.
g3 h5 29. h4 Kg7 30. Nd4 Rd7 31. Ne2 Bd8 32. Nf4 Bc7 33. Re2 Rde7 34. Rde1 Nd7
35. Nd3 Bb6+ 36. Kf1 f5 37. Nf4 fxe4 38. Rxe4 Rxe4 39. fxe4 Ne5 40. Be2 Be3 41.
Kg2 Nd7 42. Bd3 Bc5 43. Re2 Re5 44. Bc4 Re7 45. Ne6+ Kf6 46. Ng5 Ne5 47. Bd3 Ng4
48. Re1 Kg7 49. Re2 Ne3+ 50. Kf3 Nd1 51. Bc4 Nc3 52. Rd2 Bb4 53. Rf2 b5 54. axb5
cxb5 55. Bd5 Nxd5 56. exd5 Re5 57. Ne6+ Kg8 58. c4 bxc4 59. bxc4 Rf5+ 60. Nf4
Kf7 61. Ra2 Kf6 62. Re2 Re5 63. Ra2 Re1 64. Nd3 Rb1 65. Nxb4 Rxb4 66. Re2 Rxc4
67. Re6+ Kf7 68. Rxd6 Rd4 69. Ke3 Rg4 70. Kf3 a4 71. Ra6 Ke7 72. Kf2 Kd7 73. Kf3
Kc7 74. d6+ Kd7 75. Kf2 Rb4 76. Kf3 Rb3+ 77. Kf4 a3 78. Ke5 Re3+ 79. Kd5 Rd3+
80. Ke5 Re3+ 81. Kd5 Rd3+ 82. Ke5 1/2-1/2

[Event "Druzynowe  Mistrzostwa Polski w Szachach - I liga"]
[Site "Poronin-Limba"]
[Date "1899-12-30"]
[Round "7.1"]
[White "Maksimenko, Andrei"]
[Black "Rudolf, Michal"]
[Result "1/2-1/2"]
[WhiteTitle "GM"]
[BlackTitle "FM"]
[WhiteElo "2484"]
[BlackElo "2360"]

1. c4 c6 2. d4 d5 3. Nc3 Nf6 4. cxd5 cxd5 5. Bf4 Nc6 6. e3 a6 7. Bd3 Bg4 8. f3
Bh5 9. Rc1 e6 10. Nge2 Be7 11. O-O O-O 12. Bg5 Bg6 13. Nf4 Bxd3 14. Nxd3 h6 15.
Bh4 Nd7 16. Bxe7 Qxe7 17. Qd2 Nb4 18. Nxb4 Qxb4 19. Nb1 Qxd2 20. Nxd2 Rfc8 21.
Kf2 Kf8 22. Ke2 Ke7 23. Nb3 b6 24. Rxc8 Rxc8 25. Rc1 Rxc1 26. Nxc1 Nb8 27. Nd3
Nc6 28. Kd2 Kd6 29. Kc3 f6 30. Nb4 a5 31. Nxc6 Kxc6 32. a4 Kd6 1/2-1/2

[Event "Druzynowe  Mistrzostwa Polski w Szachach - I liga"]
[Site "Poronin-Limba"]
[Date "1899-12-30"]
[Round "7.2"]
[White "Warszawski, Bartosz"]
[Black "Jaracz, Pawel"]
[Result "0-1"]
[WhiteTitle "m"]
[BlackTitle "GM"]
[WhiteElo "2202"]
[BlackElo "2469"]

1. e4 c5 2. Nf3 d6 3. d4 cxd4 4. Nxd4 Nf6 5. Nc3 a6 6. Be2 e6 7. O-O Nbd7 8. f4
b5 9. Bf3 Bb7 10. Re1 Be7 11. e5 Bxf3 12. Qxf3 dxe5 13. Nc6 Qb6+ 14. Kh1 e4 15.
Nxe4 Nxe4 16. Qxe4 Nf6 17. Qf3 Bc5 18. Be3 Rc8 19. Bxc5 Qxc5 20. Ne5 Qxc2 21.
Qa3 Qc5 22. Qxa6 O-O 23. Qb7 Rc7 24. Qf3 Qd4 25. Qe2 Qxf4 26. Qxb5 Rc2 27. Re2
Qc1+ 28. Re1 Qg5 29. Qf1 Rxb2 30. a4 Rc8 31. a5 Rcc2 32. Nf3 Qc5 33. a6 Qa7 34.
Rec1 h6 35. Rxc2 Rxc2 36. Nd4 Qxd4 37. a7 Rc8 38. a8=Q Rxa8 39. Rxa8+ Kh7 40.
Qf3 Ne4 41. h3 f5 42. Ra2 Qe5 43. g4 Ng5 44. Qd3 Ne4 45. Kg2 h5 46. Qf3 Ng5 47.
Qd3 h4 48. Re2 Ne4 49. Qf3 Kg6 50. Ra2 Qb5 51. Re2 Ng5 52. gxf5+ exf5 53. Qe3
Qd5+ 54. Kg1 Qd1+ 55. Kg2 Qd5+ 56. Kg1 Ne4 57. Rb2 Ng3 58. Qe8+ Kh7 59. Rb8 Qd1+
60. Kf2 Ne4+ 61. Ke3 Qd2+ 62. Kf3 Qf2# 0-1

[Event "Druzynowe  Mistrzostwa Polski w Szachach - I liga"]
[Site "Poronin-Limba"]
[Date "1899-12-30"]
[Round "7.3"]
[White "Krysztofiak, Marcin"]
[Black "Chalupnik, Marcin"]
[Result "1-0"]
[WhiteTitle "IM"]
[BlackTitle "k++"]
[WhiteElo "2383"]
[BlackElo "2176"]

1. d4 Nf6 2. Bg5 c5 3. Bxf6 gxf6 4. d5 d6 5. c4 Bg7 6. Nc3 Na6 7. a3 e5 8. dxe6
fxe6 9. e4 O-O 10. Bd3 Nb8 11. Nge2 Nc6 12. O-O Qe7 13. f4 f5 14. Ng3 Bd7 15.
Qd2 Rad8 16. Rae1 Qh4 17. exf5 Bd4+ 18. Kh1 exf5 19. Nd5 Rf7 20. Rf3 Kh8 21. b4
Rg8 22. b5 Nd8 23. Ne2 Bg7 24. Ref1 Ne6 25. Rh3 Qd8 26. g4 Nd4 27. Ng3 Be6 28.
Qg2 Bf8 29. g5 b6 30. Nh5 Rg6 31. Re1 Qa8 32. Nhf6 Be7 33. Nxh7 Rxh7 34. Rxh7+
Kxh7 35. Nf6+ Rxf6 36. Qxa8 Rf7 37. g6+ Kxg6 38. Qg8+ Kh6 39. Rxe6+ 1-0

[Event "Druzynowe  Mistrzostwa Polski w Szachach - I liga"]
[Site "Poronin-Limba"]
[Date "1899-12-30"]
[Round "7.4"]
[White "Rams, Michal"]
[Black "Borgula, Rafal"]
[Result "1-0"]
[WhiteTitle "k+"]
[BlackTitle "FM"]
[WhiteElo "2183"]
[BlackElo "2250"]

1. e4 c5 2. Nf3 Nc6 3. Bb5 g6 4. O-O Bg7 5. Re1 e5 6. Bxc6 dxc6 7. d3 h6 8. Be3
b6 9. a4 a5 10. Nbd2 Be6 11. b3 Ne7 12. Nc4 Bxc4 13. bxc4 O-O 14. Qc1 Kh7 15.
Rb1 Nc8 16. Nd2 Ra7 17. f4 exf4 18. Bxf4 Re7 19. Nf3 g5 20. Bd2 f5 21. exf5 Rxf5
22. h3 Ref7 23. Rf1 Qd6 24. Qe1 Re7 25. Qd1 Kg8 26. Nh2 Rxf1+ 27. Nxf1 Qd4+ 28.
Kh1 Qf6 29. Qf3 Qxf3 30. gxf3 Be5 31. Kg2 Bc7 32. Kf2 Kf7 33. Ne3 Re6 34. Ng2
Kg6 35. h4 Re8 36. hxg5 hxg5 37. Rg1 Kf6 38. Ne3 Bd8 39. Nf1 Rg8 40. f4 g4 41.
Ne3 Nd6 42. Rxg4 Rxg4 43. Nxg4+ Kf5 44. Ne5 b5 45. Nxc6 Bh4+ 46. Kf3 bxa4 47.
Nxa5 Bf6 48. Bc1 Ke6 49. Ba3 Bd4 50. Nc6 Bg1 51. c3 Kf5 52. Ne7+ Ke6 53. Nd5 Nf5
54. Nb6 Kd5 1-0

[Event "Druzynowe  Mistrzostwa Polski w Szachach - I liga"]
[Site "Poronin-Limba"]
[Date "1899-12-30"]
[Round "7.5"]
[White "Konieczynski, Piotr"]
[Black "Kaim, Piotr"]
[Result "0-1"]
[WhiteTitle "I++"]
[BlackTitle "m"]
[WhiteElo "1903"]
[BlackElo "2138"]

1. d4 Nf6 2. c4 c5 3. d5 e5 4. Nc3 d6 5. e4 Be7 6. h3 Nbd7 7. Be3 a6 8. Nf3 O-O
9. Bd3 Nh5 10. Qd2 g6 11. Bh6 Re8 12. Ne2 Ndf6 13. g4 Nf4 14. Nxf4 exf4 15. O-O-O
b5 16. Rde1 Rb8 17. Bxf4 bxc4 18. Bxc4 Rb4 19. Qc2 Nd7 20. Bd2 Rb8 21. Bc3 Bf6
22. Bxf6 Qxf6 23. Qc3 Qf4+ 24. Qe3 Qf6 25. Qc3 Qf4+ 26. Qe3 Rxe4 27. Qxf4 Rxf4
28. Re8+ Kg7 29. Be2 Bb7 30. Rxb8 Nxb8 31. Rd1 Nd7 32. Rd3 Nf6 33. Ra3 Nxd5 34.
Nd2 Nb4 35. f3 d5 36. Ra5 c4 37. a3 Nd3+ 38. Kc2 Ne5 39. Rc5 Nc6 40. Kd1 Rd4 41.
Kc2 Rf4 42. Kd1 Nd4 43. Rc7 Bc6 44. Ke1 Rf6 45. Bd1 Nb5 46. Rc8 g5 47. Kf2 Rd6
48. Kg3 Bd7 49. Rd8 h5 50. gxh5 Nd4 51. h4 Nf5+ 52. Kf2 gxh4 53. Be2 Be6 54. Rb8
Rc6 55. Rb4 Kh6 56. f4 h3 57. Nf3 f6 58. Nh2 Nd6 59. Nf3 Nf5 60. Nh2 Nd6 61. Nf3
Ne4+ 62. Kg1 Rc8 63. Nh4 d4 64. Rb6 c3 65. bxc3 dxc3 66. Bd3 c2 67. Bxc2 Rxc2
0-1

[Event "Druzynowe  Mistrzostwa Polski w Szachach - I liga"]
[Site "Poronin-Limba"]
[Date "1899-12-30"]
[Round "7.6"]
[White "Bednarska-bzdega, Malgorzata"]
[Black "Jaracz, Barbara"]
[Result "1/2-1/2"]
[WhiteTitle "WFM"]
[BlackTitle "WGM"]
[WhiteElo "2008"]
[BlackElo "2244"]

1. e4 e5 2. Nf3 Nc6 3. d4 exd4 4. Nxd4 Bc5 5. Nb3 Bb6 6. Nc3 Nf6 7. Qf3 h6 8. Be3
d6 9. h3 Be6 10. O-O-O Qe7 11. Kb1 O-O-O 12. Bxb6 axb6 13. Bb5 Bd7 14. Qe2 Rhe8
15. Rhe1 g5 16. Qc4 Kb8 17. Qa4 Na7 18. Bxd7 Nxd7 19. Re3 Qe5 20. Nd4 Nc5 21.
Qc4 Ne6 22. Nd5 Rc8 23. Nf5 b5 24. Qc3 Qxc3 25. Nxc3 h5 26. a3 Nf4 27. g4 h4 28.
Nd5 Ng6 29. Nc3 Rcd8 30. Kc1 Nf4 31. Nd5 Ng6 32. Nc3 Re6 33. Nd4 Re5 34. Nf3 Ree8
35. Nxg5 f6 36. Nf3 c6 37. Nd4 Ne5 38. Nf5 Nc4 39. Red3 Nc8 40. Nxh4 Ne7 41. f4
Kc7 42. Ng2 Rh8 43. Rf1 Ra8 44. Nb1 d5 45. exd5 Nxd5 46. Nd2 Rae8 47. Nxc4 bxc4
48. Rg3 Re2 49. h4 c3 50. bxc3 b5 51. Kb2 Nb6 52. Re1 Nc4+ 53. Kb3 Ra8 54. Ra1
Nd2+ 55. Kb2 Nc4+ 56. Kb3 Nd2+ 57. Kb2 Nc4+ 58. Kc1 1/2-1/2

[Event "Druzynowe  Mistrzostwa Polski w Szachach - I liga"]
[Site "Poronin-Limba"]
[Date "1899-12-30"]
[Round "7.7"]
[White "Simantsev, Mikhail"]
[Black "Gritsak, Orest"]
[Result "1/2-1/2"]
[WhiteTitle "GM"]
[BlackTitle "GM"]
[WhiteElo "2486"]
[BlackElo "2474"]

1. d4 d5 2. c4 c6 3. cxd5 cxd5 4. Nc3 Nf6 5. Bf4 Nc6 6. e3 a6 7. Bd3 Bg4 8. Nge2
e6 9. h3 Bxe2 10. Qxe2 Bd6 11. Bxd6 Qxd6 12. O-O O-O 13. Rac1 Rfc8 14. Na4 Nd7
15. Nc5 Nxc5 16. Rxc5 g6 17. Rfc1 Ne7 18. Rxc8+ Rxc8 19. Rxc8+ Nxc8 20. Qc2 Qd8
21. Kf1 a5 22. h4 Nd6 23. g3 Kg7 24. Qc5 Kg8 25. Qc2 Kg7 26. Qc5 Kg8 27. Qc2 Kg7
1/2-1/2

[Event "Druzynowe  Mistrzostwa Polski w Szachach - I liga"]
[Site "Poronin-Limba"]
[Date "1899-12-30"]
[Round "7.8"]
[White "Stoma, Pawel"]
[Black "Sopur, Lech"]
[Result "0-1"]
[WhiteTitle "m"]
[BlackTitle "m"]
[WhiteElo "2348"]
[BlackElo "2394"]

1. e4 e5 2. Nf3 Nc6 3. Bb5 a6 4. Ba4 Nf6 5. d3 b5 6. Bb3 Be7 7. Nbd2 d6 8. c3 O-O
9. O-O Na5 10. Bc2 c5 11. h3 Nc6 12. Re1 h6 13. a4 Be6 14. Nf1 Rc8 15. axb5 axb5
16. Ne3 Re8 17. d4 cxd4 18. cxd4 exd4 19. Nxd4 Nxd4 20. Qxd4 d5 21. e5 Bc5 22.
Qd3 Ne4 23. Rf1 Qh4 24. Bb1 Qf4 25. Qxb5 Qxe5 26. Bxe4 Qxe4 27. Ra5 d4 28. Qa4
Bb6 29. Ra6 Qb7 30. Qb5 dxe3 31. Qxb6 exf2+ 32. Kh1 Qxb6 33. Rxb6 Bc4 0-1

[Event "Druzynowe  Mistrzostwa Polski w Szachach - I liga"]
[Site "Poronin-Limba"]
[Date "1899-12-30"]
[Round "7.9"]
[White "Orzech, Dominik"]
[Black "Lobejko, Rafal"]
[Result "1/2-1/2"]
[WhiteTitle "IM"]
[BlackTitle "FM"]
[WhiteElo "2380"]
[BlackElo "2313"]

1. d4 d6 2. Nf3 g6 3. g3 Bg7 4. Bg2 Nf6 5. O-O O-O 6. c4 c6 7. Nc3 Qa5 8. h3 e5
9. e4 Na6 10. Be3 exd4 11. Nxd4 Re8 12. Re1 Be6 13. Nb3 Qc7 14. Qe2 Nd7 15. Nd4
Nb6 16. Nxe6 Rxe6 17. Rac1 Nc5 18. b4 Nca4 19. Nxa4 Nxa4 20. Qc2 Nb6 21. c5 dxc5
22. Qxc5 Na4 23. Qc4 Rd8 24. Re2 Nb2 25. Qc2 b5 26. Rd2 a5 27. Bf4 Qb6 28. Be3
Qc7 29. Bf4 Qb6 30. Be3 Qc7 31. Bf4 1/2-1/2

[Event "Druzynowe  Mistrzostwa Polski w Szachach - I liga"]
[Site "Poronin-Limba"]
[Date "1899-12-30"]
[Round "7.10"]
[White "Miroslaw, Michal"]
[Black "Pacan-milej, Kosma"]
[Result "1-0"]
[WhiteTitle "FM"]
[BlackTitle "FM"]
[WhiteElo "2270"]
[BlackElo "2316"]

1. e4 c5 2. Ne2 Nf6 3. Nbc3 d6 4. g3 g6 5. Bg2 Bg7 6. O-O O-O 7. f4 Nc6 8. d3 Rb8
9. h3 Ne8 10. Be3 Nd4 11. Qd2 Nc7 12. Kh2 b5 13. Nd1 b4 14. Ng1 f5 15. c3 Nde6
16. d4 bxc3 17. bxc3 cxd4 18. cxd4 Ba6 19. Re1 Kh8 20. Rc1 fxe4 21. d5 Nc5 22.
Bxc5 dxc5 23. Rxc5 Bd3 24. Bxe4 Bxe4 25. Rxe4 Qd6 26. Qa5 Na8 27. Qxa7 Nb6 28.
Qxe7 Qxe7 29. Rxe7 Bd4 30. Rb5 Rbc8 31. Re2 Rc1 32. Rd2 Bxg1+ 33. Kxg1 Nc4 34.
Rc5 Rb8 35. Rd4 Rbb1 36. Rcxc4 Rxc4 37. Rxc4 Rxd1+ 38. Kf2 Rxd5 39. Ke3 Rd1 40.
Rc7 Rg1 41. Kf3 Ra1 42. Ra7 Rc1 43. a4 h5 44. a5 Rc3+ 45. Ke4 Rxg3 46. a6 Rxh3
47. Rb7 1-0

[Event "Druzynowe  Mistrzostwa Polski w Szachach - I liga"]
[Site "Poronin-Limba"]
[Date "1899-12-30"]
[Round "7.11"]
[White "Kaczmarek, Aleksander"]
[Black "Panas, Pawel"]
[Result "1-0"]
[WhiteTitle "FM"]
[BlackTitle "k"]
[WhiteElo "2384"]
[BlackElo "2168"]

1. e4 c5 2. b3 b6 3. Bb2 Bb7 4. Nc3 e6 5. Nf3 d6 6. d4 cxd4 7. Bb5+ Nc6 8. Nxd4
Rc8 9. O-O Nf6 10. Qf3 e5 11. Nf5 g6 12. Ne3 a6 13. Bxc6+ Bxc6 14. Rad1 Be7 15.
Nc4 Qc7 16. Nxd6+ Kf8 17. Nxc8 Qxc8 18. Nd5 Qe6 19. Nxe7 Qxe7 20. Ba3 1-0

[Event "Druzynowe  Mistrzostwa Polski w Szachach - I liga"]
[Site "Poronin-Limba"]
[Date "1899-12-30"]
[Round "7.12"]
[White "Toma, Katarzyna"]
[Black "Miturova, Magdalena"]
[Result "1-0"]
[WhiteTitle "WGM"]
[BlackTitle "WIM"]
[WhiteElo "2262"]
[BlackElo "2188"]

1. e4 e5 2. Nf3 Nc6 3. Bb5 Bc5 4. O-O Nf6 5. Bxc6 dxc6 6. d3 Nd7 7. Be3 Qe7 8.
Qe2 f6 9. Nbd2 Nf8 10. c3 Bxe3 11. Qxe3 Ng6 12. d4 O-O 13. Rfe1 Bg4 14. c4 b6
15. Rac1 Rad8 16. h3 Bc8 17. c5 Qe8 18. Rc3 Nf4 19. Nf1 Rf7 20. Ng3 Re7 21. Ra3
bxc5 22. dxe5 fxe5 23. Qxc5 Kh8 24. Qxa7 Nd3 25. Re2 c5 26. Rd2 c4 27. Qa4 Qf7
28. Rc3 Be6 29. b3 Rb8 30. bxc4 Nc5 31. Qa7 Rb1+ 32. Kh2 Nb7 33. Nxe5 Qf6 34.
Rb3 Rxb3 35. axb3 Qxe5 36. Qxb7 Re8 37. Qc6 Rb8 38. Rd3 h6 39. f4 Qf6 40. f5 1-0

[Event "Druzynowe  Mistrzostwa Polski w Szachach - I liga"]
[Site "Poronin-Limba"]
[Date "1899-12-30"]
[Round "7.13"]
[White "Lubczynski, Rafal"]
[Black "Karpus, Michal"]
[Result "1-0"]
[WhiteTitle "IM"]
[BlackTitle "FM"]
[WhiteElo "2418"]
[BlackElo "2267"]

1. Nf3 Nf6 2. c4 c5 3. Nc3 d5 4. e3 g6 5. cxd5 Nxd5 6. Ne4 b6 7. d4 Bg7 8. dxc5
O-O 9. Bc4 Nb4 10. Qb3 bxc5 11. Nxc5 N8c6 12. a3 Qa5 13. Bd2 Rb8 14. Na4 Nd3+
15. Qxd3 Qxa4 16. b3 Rd8 17. Qe4 Bf5 18. Bxf7+ Kxf7 19. Qxa4 Bxa1 20. O-O Ne5
21. Ba5 Nxf3+ 22. gxf3 Bf6 23. Bxd8 Rxd8 24. Qxa7 1-0

[Event "Druzynowe  Mistrzostwa Polski w Szachach - I liga"]
[Site "Poronin-Limba"]
[Date "1899-12-30"]
[Round "7.14"]
[White "Krainski, Aleksander"]
[Black "Chojnacki, Krzysztof"]
[Result "1/2-1/2"]
[WhiteTitle "FM"]
[BlackTitle "IM"]
[WhiteElo "2192"]
[BlackElo "2364"]

1. e4 d6 2. d4 Nf6 3. Nc3 g6 4. Nf3 Bg7 5. Be2 O-O 6. O-O Nbd7 7. Be3 e5 8. d5
h6 9. Nd2 Nh7 10. Nb3 f5 11. exf5 gxf5 12. f4 Kh8 13. Qd2 exf4 14. Bxf4 Ng5 15.
Rae1 Ne5 16. Kh1 a6 17. a4 Qf6 18. Be3 Qg6 19. Bd4 Rg8 20. Qf4 Bd7 21. Bd3 Raf8
22. Re3 Ne4 23. Rh3 Ng5 24. Rg3 Qe8 25. Qh4 Nh7 26. Re3 Qg6 27. Rg3 Qe8 28. Re3
Qg6 29. Rg3 Qe8 30. Re3 Qg6 1/2-1/2

[Event "Druzynowe  Mistrzostwa Polski w Szachach - I liga"]
[Site "Poronin-Limba"]
[Date "1899-12-30"]
[Round "7.15"]
[White "Musialkiewicz, Jan"]
[Black "Krainski, Slawomir"]
[Result "1/2-1/2"]
[WhiteTitle "k+"]
[BlackTitle "k"]
[WhiteElo "2266"]
[BlackElo "2138"]

1. e4 d6 2. d4 Nf6 3. Nc3 g6 4. Nf3 Bg7 5. h3 O-O 6. Be3 a6 7. a4 b6 8. Be2 Bb7
9. Nd2 e6 10. Bf3 Nbd7 11. O-O c5 12. dxc5 dxc5 13. Bf4 Bc6 14. Nc4 b5 15. Na5
Qxa5 16. axb5 Qxa1 17. Qxa1 axb5 18. Qe1 Ne8 19. Qe2 b4 20. Nd1 Ne5 21. Re1 Nd6
22. Bxe5 Bxe5 23. c3 b3 24. Qe3 Ra5 25. Be2 Bg7 26. e5 Nf5 27. Qd2 Raa8 28. Bc4
Rfd8 29. Qe2 Bd5 30. Bxd5 Rxd5 31. f4 Rad8 32. Nf2 Rd2 33. Qc4 Rxb2 34. Ne4 Nh4
35. Re2 Rxe2 36. Qxe2 Rb8 37. Qb2 c4 38. Nd6 Bf8 39. Nxc4 Bc5+ 40. Kh2 Nf5 41.
g3 Ne3 42. Nd2 Nd1 43. Qa1 b2 44. Qa5 Be7 45. Qa7 Rd8 46. Nb1 Kf8 47. Qb7 Rd3
48. c4 Re3 49. c5 Re2+ 50. Kh1 1/2-1/2

[Event "Druzynowe  Mistrzostwa Polski w Szachach - I liga"]
[Site "Poronin-Limba"]
[Date "1899-12-30"]
[Round "7.16"]
[White "Szczesniak, Andrzej"]
[Black "Bardeli, Lukasz"]
[Result "0-1"]
[WhiteTitle "II+"]
[BlackTitle "FM"]
[WhiteElo "1960"]
[BlackElo "2188"]

1. d4 d5 2. c4 c6 3. cxd5 cxd5 4. Bf4 Nc6 5. e3 Nf6 6. Nc3 a6 7. Bd3 Bg4 8. Nge2
e6 9. Rc1 Be7 10. h3 Bh5 11. a3 O-O 12. O-O Rc8 13. Na4 Nd7 14. b4 b5 15. Nc5
Nxc5 16. bxc5 Ra8 17. Qc2 Bg6 18. Bxg6 hxg6 19. e4 Rc8 20. exd5 Qxd5 21. Rfd1
Rfd8 22. Be3 Bf6 23. Nc3 Qf5 24. Qxf5 gxf5 25. d5 Na5 26. c6 Nc4 27. Bd4 Be7 28.
a4 b4 29. Ne2 exd5 30. Nf4 Rxc6 31. Ba1 Bg5 32. g3 Bxf4 33. gxf4 b3 34. Bd4 b2
35. Rb1 Rb8 36. Re1 Rg6+ 37. Kh1 Rb3 0-1